LIBRARY ONLINE CATALOGUE

Macromedia flash MX : (Record no. 8421)

MARC details
000 -LEADER
fixed length control field 00648nam a22002172 4500
001 - CONTROL NUMBER
control field 0000013049
005 - DATE AND TIME OF LATEST TRANSACTION
control field 20151217152121.0
008 - FIXED-LENGTH DATA ELEMENTS--GENERAL INFORMATION
fixed length control field 090525s xx 000 0 eng d
020 ## - INTERNATIONAL STANDARD BOOK NUMBER
International Standard Book Number 0070499381 :
040 ## - CATALOGING SOURCE
Original cataloging agency KABU
Transcribing agency KABU
100 1# - MAIN ENTRY--PERSONAL NAME
Personal name Woods, P. S.
-- 0000170141
245 10 - TITLE STATEMENT
Title Macromedia flash MX :
Remainder of title developer's guide /
Statement of responsibility, etc. P. S. Woods.
250 ## - EDITION STATEMENT
Edition statement 1st ed.
260 ## - PUBLICATION, DISTRIBUTION, ETC. (IMPRINT)
Place of publication, distribution, etc. New Delhi :
Name of publisher, distributor, etc. Tata McGraw-Hill,
Date of publication, distribution, etc. 2002.
300 ## - PHYSICAL DESCRIPTION
Extent xxx, 820 p.
650 #0 - SUBJECT ADDED ENTRY--TOPICAL TERM
Topical term or geographic name as entry element Flash (Computer file)
-- 0000170142
650 #0 - SUBJECT ADDED ENTRY--TOPICAL TERM
Topical term or geographic name as entry element Computer animation.
-- 0000148515
852 1# - LOCATION
-- p5,148 KES
908 ## - PUT COMMAND PARAMETER (RLIN)
Put command parameter 090525
950 ## - LOCAL HOLDINGS (RLIN)
-- 1
Holdings
Withdrawn status Lost status Source of classification or shelving scheme Not for loan Home library Current library Date acquired Total Checkouts Full call number Barcode Date last seen Price effective from Koha item type
    Library of Congress Classification   Kabarak, Main Campus Kabarak, Main Campus 17/12/2015   TR897.7 .W66 2002 c. 1 17710 17/12/2015 17/12/2015 General Collection